Normal view MARC view
  • Jameson's Raid, 1895-1896

Entry Topical Term

Number of records used in: 1

001 - CONTROL NUMBER

  • control field: 50078

003 - CONTROL NUMBER IDENTIFIER

  • control field: NUST

005 - DATE AND TIME OF LATEST TRANSACTION

  • control field: 20210314134527.0

008 - FIXED-LENGTH DATA ELEMENTS

  • fixed length control field: 210314|| aca||aabn | a|a d

040 ## - CATALOGING SOURCE

  • Original cataloging agency: NUST
  • Transcribing agency: NUST

150 ## - HEADING--TOPICAL TERM

  • Topical term or geographic name entry element: Jameson's Raid, 1895-1896

670 ## - SOURCE DATA FOUND

  • Source citation: Work cat.: (NUST): Fitzpatrick, Percy, 50077, The Transvaal from within;, 1899.
© 2023 Central Library, National University of Sciences and Technology. All Rights Reserved.